Statistics for Patti LaBelle Discography

Click here to take the quiz!

General Stats

  • This quiz has been taken 3 times
  • The average score is 16 of 40

Answer Stats

TypeYearName% Correct
Album1991Burnin'
100%
Album1997Flame
100%
Album1994Gems
100%
Album1985Patti
100%
Album1977Patti LaBelle
100%
Double Package2001Patti LaBelle / Tasty
100%
Album1978Tasty
100%
Album1981The Spirit's in It
100%
Box Set2000The Spirit's In It / I'm in Love Again / Patti
100%
Album1986Winner in You
100%
Album2017Bel Hommage
67%
Album1989Be Yourself
67%
Album1983I'm in Love Again
67%
Holiday Album2007Miss Patti's Christmas
67%
Compilation199920th Century Masters - The Millennium Collection: The Best of Patti LaBelle
33%
Album1979It's Alright with Me
33%
Double Package2001It's Alright with Me / Released
33%
Compilation1996Lady Marmalade: The Best of Patti & Labelle
33%
Live Album1992Live!
33%
Live Album2008Live in Washington, D.C.
33%
Live Album1998Live! One Night Only
33%
Compilation2011Playlist: The Very Best of Patti LaBelle
33%
Compilation1982The Best of Patti LaBelle
33%
Holiday Album1990This Christmas
33%
Album2004Timeless Journey
33%
Compilation2004Anthology
0%
Album2005Classic Moments
0%
Compilation2005Gold
0%
Compilation1996Greatest Hits
0%
Compilation2002Greatest Love Songs
0%
Compilation2014Icon
0%
Compilation1995La Belle
0%
Compilation2001Love Songs
0%
Compilation1998Miss Soul
0%
Album1980Released
0%
Compilation2006The Definitive Collection
0%
Compilation2006The Essential Patti LaBelle
0%
Album2006The Gospel According to Patti LaBelle
0%
Album2000When a Woman Loves
0%
Compilation1998You Are My Friend: The Ballads
0%

Score Distribution

Percentile by Number Answered

Percent of People with Each Score

Your Score History

You have not taken this quiz